| 000 | 00920nam a2200217 a 4500 | ||
|---|---|---|---|
| 008 | 120416s1985 ||||||||||||||||| || u | ||
| 020 | _a0023345500 | ||
| 050 | _aHF 5686.I56 Eva | ||
| 100 | _aTaylor, Martin E | ||
| 245 | 1 | 0 | _aInternational accounting and reporting |
| 260 |
_aNew York: _bMacmillan _c1985 |
||
| 300 | _axix, 412 pages : illustrations | ||
| 350 | _a0.00 | ||
| 500 | _aBibliography: p. 394-407. | ||
| 650 | _aINTERNATIONAL BUSINESS ENTERPRISES--ACCOUNTING | ||
| 650 | 0 | _aACCOUNTING--HANDBOOKS, MANUALS, ETC | |
| 700 | _aEvans, Thomas G | ||
| 700 | _aHolzmann, Oscar | ||
| 995 |
_aANNEX COLLECTION (Main Library) _D0.00 _e720794 _FCBU-MAIN LIBRARY (Kitwe) _H2 _I25.00 _jHF 5686.I56 Eva _M2 _UAVAILABLE _y006922 _ZAnnex Low-Usage Collection |
||
| 995 |
_aMAIN LIBRARY OPEN ACCESS _D0.00 _e719203 _FCBU-MAIN LIBRARY (Kitwe) _H1 _I25.00 _jHF 5686.I56 Eva _M1 _UAVAILABLE _y006921 _ZMain Library Open Access Collection |
||
| 999 |
_c77510 _d77510 |
||